[Event "World School-ch U15 Girls"]
[Site "Antalya"]
[Date "2019.04.19"]
[Round "2"]
[White "Abisheva, Irada"]
[Black "Kara, Gulce Nehir"]
[Result "0-1"]
[WhiteElo "1225"]
[BlackElo "1674"]
[PlyCount "78"]
[EventDate "2019.04.18"]
[EventType "swiss"]
[EventRounds "9"]
[EventCountry "TUR"]
[SourceTitle "CBM 190 Extra"]
[Source "ChessBase"]
[SourceDate "2019.07.15"]
[SourceVersion "1"]
[SourceVersionDate "2019.07.15"]
[SourceQuality "1"]

1. e4 c5 2. Nf3 e6 3. d4 cxd4 4. Nxd4 a6 5. Nc3 b5 6. Bd3 Bb7 7. 0-0 Nc6 8. Nf3 d6 9. Re1 Nf6 10. Bg5 Be7 11. a3 0-0 12. Qd2 Ne5 13. Nxe5 dxe5 14. Rad1 Qc7 15. Re3 h6 16. Bxh6 gxh6 17. Rg3+ Kh7 18. Rh3 Ng8 19. Rf1 f5 20. f4 exf4 21. Rff3 Bg5 22. Rf1 Qc5+ 23. Kh1 Nf6 24. exf5 exf5 25. b4 Qe5 26. Re1 Ne4 27. Nxe4 fxe4 28. Qe2 Rae8 29. Qg4 Qf5 30. Qxf5+ Rxf5 31. Be2 f3 32. Bf1 e3 33. Bd3 Be4 34. gxf3 Bxd3 35. cxd3 e2 36. Rg3 Bd2 37. Reg1 e1Q 38. Rg7+ Kh8 39. Rxe1 Rxe1+ 0-1